000 00626nam a2200265Ia 4500
005 20260324152833.0
008 008 260324s9999 xx 000 0 eng d
020 _a9781845696351
037 _aEBOOK
040 _aCRL
040 _beng
040 _cCRL
041 _2eng
041 _aeng
084 _qCRL
100 _aSoifer, V A
_91229888
245 0 _aComputer Design of Diffractive Optics
260 _bElsevier
260 _c2013
650 _aEngineering
856 _uhttps://www.sciencedirect.com/science/book/9781845696351
942 _cEBOOK
999 _c1840815
_d1840815